Injection molds and molding : (Record no. 11905)
[ view plain ]
| 000 -LEADER | |
|---|---|
| fixed length control field | 00782cam a2200229 i 4500 |
| 001 - CONTROL NUMBER | |
| control field | 1335824 |
| 005 - DATE AND TIME OF LATEST TRANSACTION | |
| control field | 19860701000000.0 |
| 008 - FIXED-LENGTH DATA ELEMENTS--GENERAL INFORMATION | |
| fixed length control field | 790307s1979 nyua 001 0 eng |
| 010 ## - LIBRARY OF CONGRESS CONTROL NUMBER | |
| LC control number | 79004414 |
| 020 ## - INTERNATIONAL STANDARD BOOK NUMBER | |
| International Standard Book Number | 0442222238 |
| 040 ## - CATALOGING SOURCE | |
| Original cataloging agency | DLC |
| Transcribing agency | DLC |
| Modifying agency | DLC |
| 050 00 - LIBRARY OF CONGRESS CALL NUMBER | |
| Classification number | TP1150 |
| Item number | .D93 |
| 082 00 - DEWEY DECIMAL CLASSIFICATION NUMBER | |
| Classification number | 668.412 |
| Edition number | 22 |
| Item number | DYM |
| 100 1# - MAIN ENTRY--PERSONAL NAME | |
| Personal name | Dym, Joseph B. |
| 9 (RLIN) | 6487 |
| 245 10 - TITLE STATEMENT | |
| Title | Injection molds and molding : |
| Remainder of title | a practical manual / |
| Statement of responsibility, etc | Joseph B. Dym. |
| 260 ## - PUBLICATION, DISTRIBUTION, ETC. (IMPRINT) | |
| Place of publication, distribution, etc | New York : |
| Name of publisher, distributor, etc | Van Nostrand Reinhold Co., |
| Date of publication, distribution, etc | c1979. |
| 300 ## - PHYSICAL DESCRIPTION | |
| Extent | xiv, 400 p. : |
| Other physical details | ill. ; |
| Dimensions | 24 cm. |
| 500 ## - GENERAL NOTE | |
| General note | Includes index. |
| 650 #0 - SUBJECT ADDED ENTRY--TOPICAL TERM | |
| Topical term or geographic name as entry element | Plastics |
| General subdivision | Molding. |
| 9 (RLIN) | 6488 |
| 942 ## - ADDED ENTRY ELEMENTS (KOHA) | |
| Source of classification or shelving scheme | Dewey Decimal Classification |
| Item type | Book - Borrowing |
| Withdrawn status | Item status | Source of classification or shelving scheme | Damaged status | Not for loan | Vendor | Home library | Current library | Shelving location | Date acquired | Source of acquisition | Cost, normal purchase price | Total Checkouts | Total Renewals | Full call number | Barcode | Date last seen | Date last borrowed | Koha item type |
|---|---|---|---|---|---|---|---|---|---|---|---|---|---|---|---|---|---|---|
| Dewey Decimal Classification | Alef-Baa | Central Library | Central Library | First floor | 21/06/2009 | 150.00 | 2 | 39 | 668.412 DYM | 000016825 | 15/07/2025 | 20/10/2014 | Book - Borrowing |